000 00390nam a2200145Ia 4500
008 150201s2001 xx 000 0 und d
082 _a603
_bD2001M
100 _aHARCOURT
245 _aDORNALDS POCKET MEDICAL DICTIONARY
250 _a26TH
260 _bHARCOURT INDIA PRIVATE LIMITED
_aGREATER KAILASH-2 (NEW DELHI)
_c2001
300 _a1-931
650 _aDICTIONARIES
942 _2ddc
_cBK
999 _c2719
_d2719